000
00270nam a2200109Ia 4500
008
201216s9999 xx 000 0 und d
100
_a
Popham, W.J.
245
0
_a
Classroom instructional tactics
260
_a
Englewood Cliffs
_b
Prentice Hall
300
_a
158
942
_c
BK
999
_c
6584
_d
6584